000
00376nam a22001577a 4500
003
MPLRDC
005
20220104123618.0
008
210129b ||||| |||| 00| 0 eng d
082
_a
225.4 CBD-2
100
_a
陈柏达居士
245
_a
净土风光
_c
260
_a
_b
佛陀教育基金会
_c
1992
300
_b
平
650
_a
佛教说法
942
_c
BK
_o
225.4 CBD-2
999
_c
12786
_d
12776